MARC

LEADER 00000nam0a2200000 4500
001 16534
005 20260126145421.0
035 |a (RuTPU)RU\TPU\book\16659 
035 |a BOOK00016728 
090 |a 16534 
100 |a 20011209d1970 m y0rusy50 ca 
101 0 |a rus 
102 |a RU 
105 |a y z 000zb 
200 1 |a М. Б. Барклай де Толли  |f А. Н. Кочетков 
210 |a Москва  |c Московский рабочий  |d 1970 
215 |a 80 с. 
225 1 |a Герои Отечественной войны 1812 года 
600 1 |a Барклай-де-Толли  |b М. Б.  |c русский полководец  |c генерал-фельдмаршал  |f 1761-1818  |g Михаил Богданович  |c князь  |2 stltpush  |3 (RuTPU)RU\TPU\pers\12729 
606 |a Отечественная война 1812 в России  |9 81909 
610 1 |a история 
610 1 |a Россия 
610 1 |a 19 век 
610 1 |a русская армия 
686 |a Т3(2)521.1-686  |2 rubbk 
700 1 |a Кочетков  |b А. Н.  |g Андрей Николаевич 
801 0 |a RU  |b 63413507  |c 20011209  |g PSBO 
801 2 |a RU  |b 63413507  |c 20121127  |g PSBO 
942 |c BK